Knitted vegetables

Bibliographic Details
Main Author: Johns, Susie
Format: Book
Published: Kent : Search Press Ltd , 2011
Series:Twenty to make
Subjects:

MARC

LEADER 00000cam a2200000 7i4500
001 0000041020
005 20140604.0
008 140529
020 |a 1844485390 
090 0 0 |a 746.432043   |b JOH 
100 1 |a Johns, Susie 
245 1 0 |a Knitted vegetables   |c Susie, Johns 
260 |a Kent :   |b Search Press Ltd ,   |c 2011 
440 |a Twenty to make 
650 0 |a Knitting   |x Patterns 
999 |a 0001292760   |b Book   |c Adult Collection   |e Perbadanan Perpustakaan Awam Johor